| 000 | 00512nam a2200181 4500 | ||
|---|---|---|---|
| 001 | 44798 | ||
| 090 | _a44798 | ||
| 100 | _a20250919 pory50 | ||
| 101 |
_apor _ait |
||
| 102 | _aPT | ||
| 200 |
_aTintoretto _eum rebelde em Veneza _frealiz. Giuseppe Domingo Romano _garg. Melania Gaia Mazzuco, Marco Panichella |
||
| 210 |
_aItália _cFesta do Cinema Italiano .com _d2019 |
||
| 215 | _a1 DVD | ||
| 225 |
_aFesta do Cinema Italiano _v9 |
||
| 300 | _aM/12 95 m. | ||
| 675 | _a7 | ||
| 801 |
_aPT _gRPC |
||
| 990 | _cFILMES DVD | ||